[Event "Winter Malopolska Cup Master 2022"]
[Site "Krakow"]
[Date "2022.01.16"]
[Round "3.2"]
[White "Pniaczek, Marek"]
[Black "Trybus, Daniel"]
[Result "1/2-1/2"]
[WhiteElo "2329"]
[BlackElo "2067"]
[Annotator "ChessBase"]
[PlyCount "93"]
[EventDate "2022.01.15"]
[EventType "swiss"]
[EventCountry "POL"]
[SourceTitle "playchess.com"]
[Source "ChessBase"]
[SourceQuality "1"]
[TimeControl "5400+30"]

1. e4 {[%emt 0:00:01]} c5 {[%emt 0:00:10]} 2. Nc3 {[%emt 0:00:03]} d6 {[%emt 0:00:07]} 3. d4 {[%emt 0:00:03]} cxd4 {[%emt 0:00:05]} 4. Qxd4 {[%emt 0:00:03]} Nc6 {[%emt 0:00:03]} 5. Qd2 {[%emt 0:00:04]} g6 {[%emt 0:00:15]} 6. b3 {[%emt 0:00:06]} Bg7 {[%emt 0:00:50]} 7. Bb2 {[%emt 0:00:39]} f5 {[%emt 0:01:08]} 8. O-O-O {[%emt 0:05:52]} Nf6 {[%emt 0:03:07]} 9. exf5 {[%emt 0:09:38]} Bxf5 {[%emt 0:00:59]} 10. Bd3 {[%emt 0:01:21]} Qa5 {[%emt 0:03:57]} 11. Nf3 {[%emt 0:04:30]} O-O-O {[%emt 0:06:01]} 12. Kb1 {[%emt 0:02:05]} Kb8 {[%emt 0:02:27]} 13. Rhe1 {[%emt 0:02:58]} Rc8 {[%emt 0:05:11]} 14. Bxf5 {[%emt 0:09:44]} gxf5 {[%emt 0:04:34]} 15. Nd5 {[%emt 0:03:08]} Qxd2 16. Rxd2 {[%emt 0:00:19]} Ne4 {[%emt 0:16:51]} 17. Bxg7 {[%emt 0:02:28]} Rhg8 {[%emt 0:00:11]} 18. Bh6 {[%emt 0:07:47]} e6 {[%emt 0:05:01]} 19. Nf4 {[%emt 0:04:06]} Nxd2+ {[%emt 0:02:14]} 20. Nxd2 {[%emt 0:00:02]} e5 {[%emt 0:00:26]} 21. Nc4 {[%emt 0:16:15]} exf4 {[%emt 0:04:56]} 22. Nxd6 {[%emt 0:00:48]} Rcd8 {[%emt 0:02:12]} 23. Nxf5 {[%emt 0:00:20]} Ka8 {[%emt 0:01:25]} 24. Bxf4 {[%emt 0:08:19]} Rdf8 {[%emt 0:00:55]} 25. g4 {[%emt 0:01:04]} Rxg4 {[%emt 0:01:54]} 26. Bg3 {[%emt 0:00:11]} a6 {[%emt 0:01:38]} 27. Nd6 {[%emt 0:01:04]} h5 {[%emt 0:03:10]} 28. h4 {[%emt 0:00:37]} Rd8 {[%emt 0:02:09]} 29. Nc4 {[%emt 0:02:51]} Rf8 {[%emt 0:09:52]} 30. c3 {[%emt 0:06:50]} b5 {[%emt 0:02:39]} 31. Re6 {[%emt 0:01:29]} bxc4 {[%emt 0:02:17]} 32. Rxc6 {[%emt 0:00:02]} cxb3 {[%emt 0:02:58]} 33. axb3 {[%emt 0:00:05]} Kb7 {[%emt 0:00:02]} 34. Rd6 {[%emt 0:00:47]} Rf5 {[%emt 0:03:46]} 35. Kb2 {[%emt 0:01:21]} Re4 {[%emt 0:00:33]} 36. Rd3 {[%emt 0:02:40]} Re2+ {[%emt 0:02:21]} 37. Ka3 {[%emt 0:05:16]} Ra5+ {[%emt 0:02:22]} 38. Kb4 {[%emt 0:00:00]} Rb5+ {[%emt 0:00:02]} 39. Kc4 {[%emt 0:00:14]} Re4+ {[%emt 0:01:05]} 40. Rd4 {[%emt 0:00:01]} Rxd4+ {[%emt 0:00:06]} 41. cxd4 {[%emt 0:00:01]} Kc6 {[%emt 0:03:28]} 42. Be5 {[%emt 0:00:06]} a5 {[%emt 0:01:17]} 43. f4 {[%emt 0:00:04]} Rb4+ {[%emt 0:00:11]} 44. Kc3 {[%emt 0:00:04]} Kd5 {[%emt 0:00:54]} 45. f5 {[%emt 0:01:25]} Rb6 {[%emt 0:01:38]} 46. f6 {[%emt 0:00:37]} Rb7 {[%emt 0:00:01]} 47. Kc2 {[%emt 0:01:09]} 1/2-1/2

[Event "Winter Malopolska Cup Master 2022"]
[Site "Krakow"]
[Date "2022.01.16"]
[Round "3.3"]
[White "Czaplak, Lukasz"]
[Black "Saraev, Yaroslav"]
[Result "0-1"]
[WhiteElo "1877"]
[BlackElo "1922"]
[Annotator "ChessBase"]
[PlyCount "198"]
[EventDate "2022.01.15"]
[EventType "swiss"]
[EventCountry "POL"]
[SourceTitle "playchess.com"]
[Source "ChessBase"]
[SourceQuality "1"]
[TimeControl "5400+30"]

1. e4 {[%emt 0:00:01]} c5 {[%emt 0:05:13]} 2. Nf3 {[%emt 0:00:04]} d6 {[%emt 0:00:03]} 3. d4 {[%emt 0:00:04]} cxd4 {[%emt 0:00:03]} 4. Nxd4 {[%emt 0:00:03]} Nf6 {[%emt 0:00:04]} 5. Nc3 {[%emt 0:00:04]} a6 {[%emt 0:00:03]} 6. Be2 {[%emt 0:00:04]} e6 {[%emt 0:00:04]} 7. O-O {[%emt 0:00:19]} Be7 {[%emt 0:00:28]} 8. Be3 {[%emt 0:00:23]} O-O {[%emt 0:00:08]} 9. f4 {[%emt 0:02:29]} Qc7 {[%emt 0:00:14]} 10. Bf3 {[%emt 0:05:03]} Nc6 {[%emt 0:00:33]} 11. Nxc6 {[%emt 0:02:37]} bxc6 {[%emt 0:00:09]} 12. Qd2 {[%emt 0:08:55]} d5 {[%emt 0:03:15]} 13. e5 {[%emt 0:01:53]} Nd7 {[%emt 0:00:15]} 14. Ne2 {[%emt 0:00:46]} Bb7 {[%emt 0:03:11]} 15. c3 {[%emt 0:06:43]} c5 {[%emt 0:16:48]} 16. b4 {[%emt 0:12:57]} Nb6 {[%emt 0:00:24]} 17. Bxc5 {[%emt 0:05:03]} Bxc5+ {[%emt 0:11:31]} 18. bxc5 {[%emt 0:00:15]} Na4 {[%emt 0:17:22]} 19. Rab1 {[%emt 0:06:58]} Nxc5 {[%emt 0:09:01]} 20. Qd4 {[%emt 0:11:11]} Rab8 {[%emt 0:04:52]} 21. Rb4 {[%emt 0:06:42]} a5 {[%emt 0:05:59]} 22. Rb5 {[%emt 0:00:56]} Rbc8 {[%emt 0:04:21]} 23. Rfb1 {[%emt 0:07:52]} Ba6 {[%emt 0:00:29]} 24. Rb6 {[%emt 0:02:56]} Bd3 {[%emt 0:04:20]} 25. R1b2 {[%emt 0:00:52]} Bc4 {[%emt 0:00:19]} 26. Nc1 {[%emt 0:05:07]} Na4 {[%emt 0:06:04]} 27. Rb7 {[%emt 0:00:08]} Qc6 {[%emt 0:01:19]} 28. Rb1 {[%emt 0:00:36]} Ba6 {[%emt 0:03:58]} 29. Ra7 {[%emt 0:02:39]} Qxc3 {[%emt 0:01:29]} 30. Qxc3 {[%emt 0:01:40]} Nxc3 {[%emt 0:00:06]} 31. Ra1 {[%emt 0:03:46]} Ra8 {[%emt 0:02:27]} 32. Rxa8 {[%emt 0:02:21]} Rxa8 {[%emt 0:00:10]} 33. Kf2 {[%emt 0:00:56]} a4 {[%emt 0:00:16]} 34. a3 {[%emt 0:00:24]} Rb8 {[%emt 0:00:10]} 35. Ke3 {[%emt 0:00:58]} h6 {[%emt 0:01:29]} 36. Nd3 {[%emt 0:01:34]} Bxd3 {[%emt 0:00:52]} 37. Kxd3 {[%emt 0:00:04]} Rb1 {[%emt 0:00:12]} 38. Rxb1 {[%emt 0:00:21]} Nxb1 {[%emt 0:00:05]} 39. Bd1 {[%emt 0:00:32]} Nxa3 {[%emt 0:00:06]} 40. Bxa4 {[%emt 0:00:05]} Nc4 {[%emt 0:00:07]} 41. Bb3 {[%emt 0:00:41]} Na5 {[%emt 0:00:13]} 42. Ba2 {[%emt 0:00:15]} Nc6 {[%emt 0:00:13]} 43. Bb3 {[%emt 0:01:04]} Kf8 {[%emt 0:00:58]} 44. g3 {[%emt 0:01:02]} Ke7 {[%emt 0:01:14]} 45. Kc3 {[%emt 0:01:18]} f6 {[%emt 0:00:15]} 46. Ba4 {[%emt 0:00:27]} Nd8 {[%emt 0:00:29]} 47. Kd4 {[%emt 0:01:02]} fxe5+ {[%emt 0:00:44]} 48. fxe5 {[%emt 0:00:47]} Nf7 {[%emt 0:01:20]} 49. h4 {[%emt 0:00:20]} h5 {[%emt 0:00:44]} 50. Bd1 {[%emt 0:00:42]} Nh6 {[%emt 0:00:13]} 51. Bc2 {[%emt 0:00:53]} Kf7 {[%emt 0:00:20]} 52. Ke3 {[%emt 0:00:36]} Nf5+ {[%emt 0:01:13]} 53. Kf4 {[%emt 0:00:09]} Nd4 {[%emt 0:00:07]} 54. Ba4 {[%emt 0:00:38]} Ne2+ {[%emt 0:00:33]} 55. Kf3 {[%emt 0:00:34]} Nc3 {[%emt 0:00:07]} 56. Bc2 {[%emt 0:00:19]} d4 {[%emt 0:00:55]} 57. Bd3 {[%emt 0:00:32]} Ke7 {[%emt 0:00:47]} 58. Bg6 {[%emt 0:00:40]} Kd7 {[%emt 0:00:12]} 59. Bf7 {[%emt 0:00:37]} Ke7 {[%emt 0:00:50]} 60. Bxh5 {[%emt 0:00:12]} Kd7 {[%emt 0:00:17]} 61. Bg6 {[%emt 0:00:23]} Kc6 {[%emt 0:00:26]} 62. Bd3 {[%emt 0:00:34]} Kd5 {[%emt 0:00:42]} 63. Kf4 {[%emt 0:00:21]} Nd1 {[%emt 0:00:12]} 64. g4 {[%emt 0:01:18]} Nf2 {[%emt 0:00:06]} 65. Bb5 {[%emt 0:00:27]} d3 {[%emt 0:00:06]} 66. g5 {[%emt 0:00:37]} d2 {[%emt 0:00:12]} 67. Ba4 {[%emt 0:00:17]} Nd3+ {[%emt 0:00:37]} 68. Ke3 {[%emt 0:00:35]} Nxe5 {[%emt 0:00:17]} 69. Kxd2 {[%emt 0:00:26]} Nf3+ {[%emt 0:00:06]} 70. Ke3 {[%emt 0:00:04]} Nxh4 {[%emt 0:00:05]} 71. Bd1 {[%emt 0:01:09]} Ke5 {[%emt 0:00:23]} 72. Bc2 {[%emt 0:00:19]} Nf5+ {[%emt 0:00:19]} 73. Kf2 {[%emt 0:00:25]} Kf4 {[%emt 0:00:07]} 74. g6 {[%emt 0:00:05]} Kg5 {[%emt 0:00:06]} 75. Bb3 {[%emt 0:00:14]} Nd4 {[%emt 0:00:46]} 76. Bc4 {[%emt 0:00:21]} Kxg6 {[%emt 0:00:08]} 77. Ke3 {[%emt 0:00:09]} e5 {[%emt 0:00:12]} 78. Ke4 {[%emt 0:00:33]} Kf6 {[%emt 0:00:07]} 79. Bf1 {[%emt 0:00:19]} Ne6 {[%emt 0:00:20]} 80. Bg2 {[%emt 0:01:09]} Ng5+ {[%emt 0:00:21]} 81. Ke3 {[%emt 0:00:17]} Kf5 {[%emt 0:00:15]} 82. Bb7 {[%emt 0:00:12]} Nf7 {[%emt 0:02:39]} 83. Bc8+ {[%emt 0:00:42]} Kf6 {[%emt 0:00:11]} 84. Bg4 {[%emt 0:00:24]} Nd6 {[%emt 0:00:39]} 85. Bh3 {[%emt 0:00:17]} Kg5 {[%emt 0:00:09]} 86. Kf3 {[%emt 0:00:21]} Kh4 {[%emt 0:00:12]} 87. Be6 {[%emt 0:00:09]} g5 {[%emt 0:01:02]} 88. Bd7 {[%emt 0:00:19]} e4+ {[%emt 0:00:26]} 89. Ke3 {[%emt 0:00:23]} g4 {[%emt 0:00:18]} 90. Kf2 {[%emt 0:00:39]} g3+ {[%emt 0:03:38]} 91. Kg2 {[%emt 0:00:46]} Nf7 {[%emt 0:00:15]} 92. Be8 {[%emt 0:00:41]} Ng5 {[%emt 0:00:08]} 93. Bg6 {[%emt 0:00:21]} e3 {[%emt 0:00:25]} 94. Bd3 {[%emt 0:00:41]} Nh3 {[%emt 0:00:32]} 95. Kf3 {[%emt 0:00:34]} Nf4 {[%emt 0:00:15]} 96. Bf1 {[%emt 0:00:23]} e2 {[%emt 0:00:12]} 97. Bxe2 {[%emt 0:00:15]} Nxe2 {[%emt 0:00:05]} 98. Kxe2 {[%emt 0:00:04]} Kh3 {[%emt 0:00:06]} 99. Kf1 {[%emt 0:00:08]} Kh2 {[%emt 0:00:05]} 0-1

[Event "Winter Malopolska Cup Master 2022"]
[Site "Krakow"]
[Date "2022.01.16"]
[Round "3.4"]
[White "Mirski, Michal"]
[Black "Tokarz, Izabela"]
[Result "1-0"]
[WhiteElo "2039"]
[BlackElo "1728"]
[Annotator "ChessBase"]
[PlyCount "59"]
[EventDate "2022.01.15"]
[EventType "swiss"]
[EventCountry "POL"]
[SourceTitle "playchess.com"]
[Source "ChessBase"]
[SourceQuality "1"]
[TimeControl "5400+30"]

1. e4 {[%emt 0:10:21]} c5 {[%emt 0:00:04]} 2. Nf3 {[%emt 0:00:05]} d6 {[%emt 0:00:04]} 3. d4 {[%emt 0:00:09]} cxd4 {[%emt 0:00:04]} 4. Qxd4 {[%emt 0:00:28]} Nc6 {[%emt 0:00:08]} 5. Bb5 {[%emt 0:01:29]} Bd7 {[%emt 0:01:36]} 6. Bxc6 {[%emt 0:02:15]} Bxc6 {[%emt 0:00:45]} 7. Bg5 {[%emt 0:02:35]} Nf6 {[%emt 0:06:53]} 8. Nc3 {[%emt 0:02:02]} e6 {[%emt 0:05:45]} 9. O-O-O {[%emt 0:01:40]} Be7 {[%emt 0:01:35]} 10. Rhe1 {[%emt 0:02:41]} Qc7 {[%emt 0:11:48]} 11. Qe3 {[%emt 0:23:37]} O-O {[%emt 0:07:26]} 12. Bxf6 {[%emt 0:10:02]} Bxf6 {[%emt 0:00:25]} 13. g4 {[%emt 0:00:31]} g6 {[%emt 0:11:16]} 14. g5 {[%emt 0:02:11]} Bh8 {[%emt 0:03:54]} 15. Nd4 {[%emt 0:01:52]} b5 {[%emt 0:15:01]} 16. f4 {[%emt 0:05:52]} Bd7 {[%emt 0:06:12]} 17. e5 {[%emt 0:15:46]} dxe5 {[%emt 0:05:32]} 18. fxe5 {[%emt 0:00:10]} b4 {[%emt 0:00:36]} 19. Ne4 {[%emt 0:01:31]} Qxe5 {[%emt 0:00:51]} 20. Qf2 {[%emt 0:05:24]} Qa5 {[%emt 0:14:39]} 21. Kb1 {[%emt 0:07:52]} Rad8 {[%emt 0:03:49]} 22. Qh4 {[%emt 0:01:09]} f5 {[%emt 0:01:55]} 23. gxf6 {[%emt 0:00:41]} Qh5 {[%emt 0:00:52]} 24. Qxh5 {[%emt 0:00:52]} gxh5 {[%emt 0:00:04]} 25. Rg1+ {[%emt 0:00:25]} Kf7 {[%emt 0:00:05]} 26. Rdf1 {[%emt 0:00:25]} Bc8 {[%emt 0:01:38]} 27. Ng5+ {[%emt 0:00:31]} Ke8 {[%emt 0:00:19]} 28. Ndxe6 {[%emt 0:00:34]} Rxf6 {[%emt 0:00:32]} 29. Nxd8 {[%emt 0:00:24]} Kxd8 {[%emt 0:00:04]} 30. Nf7+ {[%emt 0:00:24]} 1-0

[Event "Winter Malopolska Cup Master 2022"]
[Site "Krakow"]
[Date "2022.01.16"]
[Round "3.5"]
[White "Szopa, Emilia"]
[Black "Nowak, Maciej"]
[Result "1-0"]
[WhiteElo "1588"]
[BlackElo "2005"]
[Annotator "ChessBase"]
[PlyCount "63"]
[EventDate "2022.01.15"]
[EventType "swiss"]
[EventCountry "POL"]
[SourceTitle "playchess.com"]
[Source "ChessBase"]
[SourceQuality "1"]
[TimeControl "5400+30"]

1. e4 {[%emt 0:01:30]} c6 {[%emt 0:00:03]} 2. d4 {[%emt 0:00:14]} d5 {[%emt 0:00:04]} 3. Nc3 {[%emt 0:00:14]} dxe4 {[%emt 0:00:16]} 4. Nxe4 {[%emt 0:00:19]} Nd7 {[%emt 0:00:06]} 5. Bc4 {[%emt 0:01:31]} Ngf6 {[%emt 0:02:14]} 6. Ng5 {[%emt 0:02:04]} e6 {[%emt 0:00:37]} 7. Qe2 {[%emt 0:01:26]} Nb6 {[%emt 0:01:40]} 8. Bd3 {[%emt 0:01:17]} Qxd4 {[%emt 0:07:21]} 9. N1f3 {[%emt 0:02:59]} Bb4+ {[%emt 0:02:07]} 10. c3 {[%emt 0:08:30]} Bxc3+ {[%emt 0:00:06]} 11. Kf1 {[%emt 0:00:08]} Qb4 {[%emt 0:17:33]} 12. bxc3 {[%emt 0:04:58]} Qxc3 {[%emt 0:00:08]} 13. Bb2 {[%emt 0:00:30]} Qa5 {[%emt 0:03:31]} 14. Ne4 {[%emt 0:05:13]} Ke7 {[%emt 0:14:31]} 15. a4 {[%emt 0:13:52]} Nxe4 {[%emt 0:09:50]} 16. Qxe4 {[%emt 0:01:48]} f6 {[%emt 0:02:17]} 17. Nd4 {[%emt 0:08:55]} Bd7 {[%emt 0:08:45]} 18. Nb3 {[%emt 0:10:11]} Qg5 {[%emt 0:06:27]} 19. Nc5 {[%emt 0:06:08]} Rab8 {[%emt 0:08:28]} 20. Ba3 {[%emt 0:02:19]} Kd8 {[%emt 0:12:30]} 21. Nxe6+ {[%emt 0:01:26]} Bxe6 {[%emt 0:00:02]} 22. Qxe6 {[%emt 0:00:35]} Re8 {[%emt 0:00:52]} 23. Qd6+ {[%emt 0:00:57]} Kc8 {[%emt 0:00:05]} 24. a5 {[%emt 0:05:50]} Qxa5 {[%emt 0:01:31]} 25. Qxb8+ {[%emt 0:00:40]} Kd7 {[%emt 0:01:07]} 26. Qxb7+ {[%emt 0:00:18]} Ke6 {[%emt 0:00:39]} 27. Bb2 {[%emt 0:03:53]} Qd2 {[%emt 0:00:22]} 28. Qxc6+ {[%emt 0:01:44]} Kf7 {[%emt 0:00:17]} 29. Rxa7+ {[%emt 0:00:27]} Kf8 {[%emt 0:00:41]} 30. Ba3+ {[%emt 0:01:10]} Re7 {[%emt 0:00:13]} 31. Bxe7+ {[%emt 0:00:08]} Kf7 {[%emt 0:00:07]} 32. Bb4+ {[%emt 0:00:15]} 1-0

[Event "Winter Malopolska Cup Master 2022"]
[Site "Krakow"]
[Date "2022.01.16"]
[Round "3.6"]
[White "Wilk, Igor"]
[Black "Kania, Franciszek"]
[Result "1/2-1/2"]
[WhiteElo "1768"]
[BlackElo "1528"]
[Annotator "NA"]
[PlyCount "97"]
[EventDate "2022.01.15"]
[EventType "swiss"]
[EventCountry "POL"]
[SourceTitle "playchess.com"]
[Source "ChessBase"]
[SourceQuality "1"]
[TimeControl "5400+30"]

1. d4 {[%emt 0:00:03]} Nf6 {[%emt 0:00:12]} 2. c4 {[%emt 0:00:05]} g6 {[%emt 0:00:19]} 3. Nc3 {[%emt 0:00:05]} Bg7 {[%emt 0:00:19]} 4. e4 {[%emt 0:00:06]} d6 {[%emt 0:00:14]} 5. Bd3 {[%emt 0:00:07]} O-O {[%emt 0:00:25]} 6. Nge2 {[%emt 0:00:02]} e5 {[%emt 0:00:23]} 7. d5 {[%emt 0:00:04]} a5 {[%emt 0:00:27]} 8. O-O {[%emt 0:00:23]} Nbd7 {[%emt 0:00:48]} 9. f3 {[%emt 0:00:18]} Nc5 {[%emt 0:00:12]} 10. Bc2 {[%emt 0:00:09]} Nh5 {[%emt 0:04:24]} 11. Be3 {[%emt 0:00:28]} f5 {[%emt 0:00:40]} 12. exf5 {[%emt 0:01:27]} gxf5 {[%emt 0:00:33]} 13. Kh1 {[%emt 0:00:31]} Qh4 {[%emt 0:05:46]} 14. b3 {[%emt 0:03:45]} Bd7 {[%emt 0:05:06]} 15. Qd2 {[%emt 0:02:40]} Qe7 {[%emt 0:00:52]} 16. Rad1 {[%emt 0:05:47]} b6 {[%emt 0:02:58]} 17. Rg1 {[%emt 0:07:17]} Kh8 {[%emt 0:09:14]} 18. a3 {[%emt 0:17:30]} Rae8 {[%emt 0:10:30]} 19. b4 {[%emt 0:10:32]} Nb7 {[%emt 0:01:34]} 20. g4 {[%emt 0:02:51]} fxg4 {[%emt 0:03:18]} 21. fxg4 {[%emt 0:00:11]} Nf4 {[%emt 0:05:20]} 22. Nxf4 {[%emt 0:03:10]} exf4 {[%emt 0:00:35]} 23. Bd4 {[%emt 0:00:18]} Be5 {[%emt 0:01:10]} 24. Rdf1 {[%emt 0:01:28]} Qg7 {[%emt 0:02:45]} 25. Bxe5 {[%emt 0:05:22]} dxe5 {[%emt 0:01:24]} 26. Ne4 {[%emt 0:00:09]} axb4 {[%emt 0:08:49]} 27. axb4 {[%emt 0:00:13]} Nd6 {[%emt 0:04:29]} 28. Qd3 {[%emt 0:01:39]} Re7 {[%emt 0:01:46]} 29. h3 {[%emt 0:05:08]} Qh6 {[%emt 0:07:38]} 30. Rg2 {[%emt 0:06:10]} Nxe4 {[%emt 0:03:08]} 31. Qxe4 {[%emt 0:00:02]} Bxg4 {[%emt 0:00:34]} 32. Rh2 {[%emt 0:05:31]} Bf5 {[%emt 0:01:14]} 33. Qe2 {[%emt 0:00:18]} Bxc2 {[%emt 0:01:28]} 34. Qxc2 {[%emt 0:00:05]} Qh5 {[%emt 0:02:25]} 35. c5 {[%emt 0:01:08]} bxc5 {[%emt 0:01:53]} 36. bxc5 {[%emt 0:00:07]} Qf5 {[%emt 0:00:38]} 37. d6 {[%emt 0:03:29]} cxd6 {[%emt 0:01:14]} 38. cxd6 {[%emt 0:00:21]} Rd7 {[%emt 0:01:14]} 39. Qxf5 {[%emt 0:01:28]} Rxf5 {[%emt 0:00:05]} 40. Rd2 {[%emt 0:00:06]} Rf6 {[%emt 0:00:29]} 41. Re2 {[%emt 0:00:56]} Rf5 {[%emt 0:02:38]} 42. Rfe1 {[%emt 0:00:37]} f3 {[%emt 0:00:21]} 43. Rxe5 {[%emt 0:00:05]} f2 {[%emt 0:01:34]} 44. Re8+ {[%emt 0:00:10]} Kg7 {[%emt 0:00:07]} 45. Rf1 {[%emt 0:00:08]} Rxd6 {[%emt 0:00:07]} 46. Re2 {[%emt 0:00:18]} Rdf6 {[%emt 0:00:17]} 47. Kg2 {[%emt 0:00:06]} Rg6+ {[%emt 0:00:12]} 48. Kh2 {[%emt 0:00:14]} Rgf6 {[%emt 0:00:52]} 49. Kg2 {[%emt 0:00:12]} 1/2-1/2

[Event "Winter Malopolska Cup Master 2022"]
[Site "Krakow"]
[Date "2022.01.16"]
[Round "3.7"]
[White "Klementys, Jerzy"]
[Black "Owoc, Jakub"]
[Result "1-0"]
[WhiteElo "1564"]
[BlackElo "1701"]
[Annotator "NA"]
[PlyCount "187"]
[EventDate "2022.01.15"]
[EventType "swiss"]
[EventCountry "POL"]
[SourceTitle "playchess.com"]
[Source "ChessBase"]
[SourceQuality "1"]
[TimeControl "5400+30"]

1. d4 {[%emt 0:00:02]} Nf6 {[%emt 0:00:07]} 2. c4 {[%emt 0:00:01]} g6 {[%emt 0:00:07]} 3. Nc3 {[%emt 0:00:03]} Bg7 {[%emt 0:00:06]} 4. e4 {[%emt 0:00:06]} d6 {[%emt 0:00:07]} 5. Nf3 {[%emt 0:00:05]} O-O {[%emt 0:00:06]} 6. Be2 {[%emt 0:00:14]} Nbd7 {[%emt 0:00:05]} 7. O-O {[%emt 0:00:09]} e5 {[%emt 0:00:05]} 8. Be3 {[%emt 0:00:17]} Qe7 {[%emt 0:00:06]} 9. h3 {[%emt 0:00:29]} exd4 {[%emt 0:02:43]} 10. Bxd4 {[%emt 0:00:03]} Nxe4 {[%emt 0:02:45]} 11. Nxe4 {[%emt 0:00:02]} Qxe4 {[%emt 0:00:11]} 12. Bxg7 {[%emt 0:00:04]} Kxg7 {[%emt 0:00:10]} 13. Re1 {[%emt 0:00:39]} Nc5 {[%emt 0:01:23]} 14. b4 {[%emt 0:00:22]} Ne6 {[%emt 0:01:13]} 15. Bd3 {[%emt 0:01:05]} Qf4 {[%emt 0:00:07]} 16. Qc2 {[%emt 0:04:43]} Bd7 {[%emt 0:00:44]} 17. Qc3+ {[%emt 0:00:38]} Qf6 {[%emt 0:00:15]} 18. Qxf6+ {[%emt 0:00:03]} Kxf6 {[%emt 0:00:08]} 19. b5 {[%emt 0:01:15]} Nc5 {[%emt 0:00:08]} 20. Bc2 {[%emt 0:00:15]} Be6 {[%emt 0:00:10]} 21. Nd2 {[%emt 0:00:11]} Rfe8 {[%emt 0:00:06]} 22. Rac1 {[%emt 0:01:37]} a6 {[%emt 0:00:11]} 23. a4 {[%emt 0:00:16]} Bf5 {[%emt 0:00:27]} 24. Rxe8 {[%emt 0:03:34]} Rxe8 {[%emt 0:00:06]} 25. Bxf5 {[%emt 0:00:53]} Kxf5 {[%emt 0:00:07]} 26. a5 {[%emt 0:00:15]} h5 {[%emt 0:04:28]} 27. Kf1 {[%emt 0:00:07]} Nd3 {[%emt 0:02:35]} 28. Rd1 {[%emt 0:01:15]} Ne5 {[%emt 0:04:47]} 29. Rb1 {[%emt 0:03:00]} Ke6 {[%emt 0:04:26]} 30. Rb3 {[%emt 0:05:08]} Kd7 {[%emt 0:02:29]} 31. f4 {[%emt 0:01:03]} Nxc4 {[%emt 0:01:09]} 32. Nxc4 {[%emt 0:01:04]} Re4 {[%emt 0:00:03]} 33. bxa6 {[%emt 0:06:17]} bxa6 {[%emt 0:00:18]} 34. Nb2 {[%emt 0:01:55]} Rxf4+ {[%emt 0:01:14]} 35. Ke2 {[%emt 0:00:21]} Rf5 {[%emt 0:00:27]} 36. Ra3 {[%emt 0:01:24]} Rc5 {[%emt 0:00:19]} 37. Nd3 {[%emt 0:00:21]} Rc2+ {[%emt 0:00:13]} 38. Kf3 {[%emt 0:00:02]} c5 {[%emt 0:00:14]} 39. Nf4 {[%emt 0:01:09]} Rb2 {[%emt 0:01:19]} 40. Nd5 {[%emt 0:04:19]} Kc6 {[%emt 0:00:06]} 41. Ne7+ {[%emt 0:00:58]} Kb5 {[%emt 0:01:57]} 42. Nd5 {[%emt 0:03:19]} c4 {[%emt 0:02:40]} 43. Ra1 {[%emt 0:06:03]} Kc5 {[%emt 0:15:06]} 44. Nc7 {[%emt 0:09:59]} Rb7 {[%emt 0:00:25]} 45. Na8 {[%emt 0:03:51]} Rb3+ {[%emt 0:04:20]} 46. Ke2 {[%emt 0:00:47]} d5 {[%emt 0:00:09]} 47. Nc7 {[%emt 0:02:47]} Rb7 {[%emt 0:00:12]} 48. Na8 {[%emt 0:00:04]} Rb2+ {[%emt 0:00:06]} 49. Kf3 {[%emt 0:00:13]} d4 {[%emt 0:00:34]} 50. Nc7 {[%emt 0:00:13]} Rb7 {[%emt 0:00:18]} 51. Na8 {[%emt 0:00:03]} Rb3+ {[%emt 0:00:09]} 52. Ke2 {[%emt 0:00:08]} Rb2+ {[%emt 0:00:09]} 53. Kf3 {[%emt 0:00:02]} c3 {[%emt 0:00:11]} 54. Nc7 {[%emt 0:00:50]} c2 {[%emt 0:00:50]} 55. Rc1 {[%emt 0:02:09]} Kc4 {[%emt 0:00:13]} 56. Nxa6 {[%emt 0:01:17]} d3 {[%emt 0:00:12]} 57. Ke3 {[%emt 0:01:04]} Kc3 {[%emt 0:00:05]} 58. Nc5 {[%emt 0:00:14]} Rb4 {[%emt 0:00:54]} 59. Nxd3 {[%emt 0:00:28]} Rb3 {[%emt 0:04:44]} 60. Ke2 {[%emt 0:00:50]} Rb5 {[%emt 0:03:47]} 61. a6 {[%emt 0:01:32]} Ra5 {[%emt 0:00:06]} 62. Ne1 {[%emt 0:02:40]} Rxa6 {[%emt 0:00:40]} 63. Rxc2+ {[%emt 0:00:01]} Kd4 {[%emt 0:00:09]} 64. Rc7 {[%emt 0:00:28]} Rf6 {[%emt 0:00:07]} 65. Re7 {[%emt 0:00:49]} Kd5 {[%emt 0:00:22]} 66. Nf3 {[%emt 0:02:17]} Kd6 {[%emt 0:00:05]} 67. Re8 {[%emt 0:00:50]} Kd7 {[%emt 0:00:01]} 68. Re3 {[%emt 0:00:02]} Kd6 {[%emt 0:00:22]} 69. Kf2 {[%emt 0:00:02]} g5 {[%emt 0:00:32]} 70. Kg3 {[%emt 0:00:09]} Rg6 {[%emt 0:00:18]} 71. Nd4 {[%emt 0:01:31]} Kd5 {[%emt 0:00:33]} 72. Nf5 {[%emt 0:01:21]} Rf6 {[%emt 0:02:00]} 73. Ne7+ {[%emt 0:01:35]} Kd4 {[%emt 0:00:13]} 74. Rf3 {[%emt 0:03:12]} Ke5 {[%emt 0:01:54]} 75. Rxf6 {[%emt 0:00:20]} Kxf6 {[%emt 0:00:04]} 76. Nd5+ {[%emt 0:00:09]} Ke5 {[%emt 0:00:01]} 77. Nb6 {[%emt 0:02:23]} f5 {[%emt 0:00:45]} 78. Kf2 {[%emt 0:00:27]} f4 {[%emt 0:02:25]} 79. Nc4+ {[%emt 0:01:10]} Kf5 {[%emt 0:00:41]} 80. Ke2 {[%emt 0:01:45]} g4 {[%emt 0:01:18]} 81. h4 {[%emt 0:00:49]} Ke4 {[%emt 0:00:12]} 82. Nd6+ {[%emt 0:01:36]} Kd4 {[%emt 0:00:27]} 83. Kf2 {[%emt 0:05:35]} Ke5 {[%emt 0:00:30]} 84. Nb5 {[%emt 0:00:22]} Ke4 {[%emt 0:00:16]} 85. Nc3+ {[%emt 0:00:15]} Kd4 {[%emt 0:00:18]} 86. Ne2+ {[%emt 0:00:16]} Ke4 {[%emt 0:00:02]} 87. g3 {[%emt 0:00:10]} fxg3+ {[%emt 0:02:40]} 88. Nxg3+ {[%emt 0:00:26]} Kf4 {[%emt 0:00:27]} 89. Nxh5+ {[%emt 0:00:05]} Kf5 {[%emt 0:00:00]} 90. Ng3+ {[%emt 0:00:00]} Kf4 {[%emt 0:00:00]} 91. h5 {[%emt 0:00:06]} Kg5 {[%emt 0:00:00]} 92. Ke3 {[%emt 0:00:17]} Kh4 {[%emt 0:00:08]} 93. Kf4 {[%emt 0:00:01]} Kh3 {[%emt 0:00:10]} 94. h6 {[%emt 0:00:08]} 1-0